<?xml version="1.0" encoding="UTF-8"?>
<record
    xmlns:xsi="http://www.w3.org/2001/XMLSchema-instance"
    xsi:schemaLocation="http://www.loc.gov/MARC21/slim http://www.loc.gov/standards/marcxml/schema/MARC21slim.xsd"
    xmlns="http://www.loc.gov/MARC21/slim">

  <leader>00880nam a22002297a 4500</leader>
  <controlfield tag="003">OSt</controlfield>
  <controlfield tag="005">20131115141437.0</controlfield>
  <controlfield tag="008">130604s2005    fr ||||| |||| 00| 0 fre d</controlfield>
  <datafield tag="040" ind1=" " ind2=" ">
    <subfield code="c">CDMR</subfield>
  </datafield>
  <datafield tag="110" ind1="2" ind2=" ">
    <subfield code="9">2081</subfield>
    <subfield code="a">Le Monde Diplomatique</subfield>
  </datafield>
  <datafield tag="245" ind1=" " ind2=" ">
    <subfield code="a">Combats pour les m&#xE9;dias</subfield>
    <subfield code="c">[Ignacio Ramonet, dir.]</subfield>
  </datafield>
  <datafield tag="260" ind1=" " ind2=" ">
    <subfield code="a">Paris</subfield>
    <subfield code="b">Le Monde Diplomatique</subfield>
    <subfield code="c">2005</subfield>
  </datafield>
  <datafield tag="300" ind1=" " ind2=" ">
    <subfield code="a">98 p.</subfield>
  </datafield>
  <datafield tag="490" ind1=" " ind2=" ">
    <subfield code="a">Mani&#xE8;re de voir</subfield>
    <subfield code="v">80</subfield>
  </datafield>
  <datafield tag="500" ind1=" " ind2=" ">
    <subfield code="a">N&#xFA;mero monogr&#xE0;fic de Le Monde Diplomatique (Mani&#xE8;re de voir) que recopil&#xB7;la articles sobre l'estat dels mitjans de comunicaci&#xF3;, que correspon a abril-maig 2005</subfield>
  </datafield>
  <datafield tag="650" ind1="0" ind2="4">
    <subfield code="9">2757</subfield>
    <subfield code="a">Mitjans de comunicaci&#xF3; de massa</subfield>
    <subfield code="x">Aspectes socials</subfield>
  </datafield>
  <datafield tag="650" ind1="0" ind2="4">
    <subfield code="9">311</subfield>
    <subfield code="a">Empreses period&#xED;stiques</subfield>
  </datafield>
  <datafield tag="650" ind1="0" ind2="4">
    <subfield code="9">1243</subfield>
    <subfield code="a">Comunicaci&#xF3;</subfield>
    <subfield code="x">Innovacions tecnol&#xF2;giques</subfield>
  </datafield>
  <datafield tag="650" ind1="0" ind2="4">
    <subfield code="9">3079</subfield>
    <subfield code="a">Mitjans de comunicaci&#xF3; digitals</subfield>
  </datafield>
  <datafield tag="700" ind1="1" ind2=" ">
    <subfield code="9">1519</subfield>
    <subfield code="a">Ramonet, Ignacio</subfield>
    <subfield code="e">dir.</subfield>
  </datafield>
  <datafield tag="942" ind1=" " ind2=" ">
    <subfield code="2">udc</subfield>
    <subfield code="c">MON</subfield>
  </datafield>
  <datafield tag="999" ind1=" " ind2=" ">
    <subfield code="c">6400</subfield>
    <subfield code="d">6400</subfield>
  </datafield>
  <datafield tag="952" ind1=" " ind2=" ">
    <subfield code="0">0</subfield>
    <subfield code="1">0</subfield>
    <subfield code="4">0</subfield>
    <subfield code="7">0</subfield>
    <subfield code="a">CDMR</subfield>
    <subfield code="b">CDMR</subfield>
    <subfield code="d">2013-01-16</subfield>
    <subfield code="l">0</subfield>
    <subfield code="o">Ck 2/5</subfield>
    <subfield code="p">CDMR13066613</subfield>
    <subfield code="r">2013-06-04</subfield>
    <subfield code="w">2013-06-04</subfield>
    <subfield code="y">MON</subfield>
  </datafield>
</record>
